Normal view
MARC view
- Social sciences -- Research -- Methodology. Grounded Theory
Entry Topical Term
001 - CONTROL NUMBER
- control field: 411715
003 - CONTROL NUMBER IDENTIFIER
- control field: KE-NaSUL
005 - DATE AND TIME OF LATEST TRANSACTION
- control field: 20250829214352.0
008 - FIXED-LENGTH DATA ELEMENTS
- fixed length control field: 250829|| aca||aabn | a|a d
040 ## - CATALOGING SOURCE
- Original cataloging agency: KE-NaSUL
- Transcribing agency: KE-NaSUL
150 ## - HEADING--TOPICAL TERM
- Topical term or geographic name as entry element: Social sciences -- Research -- Methodology. Grounded Theory
670 ## - SOURCE DATA FOUND
- Source citation: Work cat.: (KE-NaSUL)316078: The Sage handbook of grounded theory, 2nd edition /, 2007